书目信息 |
| 题名: |
民主
|
|
| 作者: | 阿伯拉斯特 著 ;孙荣飞 , 段保良 , 文雅 译 | |
| 分册: | ||
| 出版信息: | 长春 吉林人民出版社 2005.05 |
|
| 页数: | 163页 | |
| 开本: | 21cm | |
| 丛书名: | 西方社会科学基本知识读本 | |
| 单 册: | ||
| 中图分类: | D082 | |
| 科图分类: | ||
| 主题词: | 民主--min zhu--研究 | |
| 电子资源: | ||
| ISBN: | 7-206-04687-8 | |
| 000 | 01264nam 2200337 450 | |
| 001 | 012008512096 | |
| 005 | 20080509105950.93 | |
| 010 | @a7-206-04687-8@dCNY14.00 | |
| 100 | @a20080509d2005 em y0chiy0120 ea | |
| 101 | 1 | @achi@ceng |
| 102 | @aCN@b220000 | |
| 105 | @ay a 000yy | |
| 106 | @ar | |
| 200 | 1 | @a民主@Amin zhu@d= Democracy@f(英) 安东尼·阿伯拉斯特著@F(ying)an dong ni·a bo la si te zhu@g孙荣飞, 段保良, 文雅译@Gsun rong fei,duan bao liang,wen ya yi@zeng |
| 210 | @a长春@c吉林人民出版社@d2005.05 | |
| 215 | @a163页@d21cm | |
| 225 | 2 | @a西方社会科学基本知识读本@Axi fang she hui ke xue ji ben zhi shi du ben |
| 305 | @a据原书第3版著录 | |
| 306 | @a本书由吉林人民出版社和美国麦格劳-希尔教育(亚洲)出版公司合作出版 | |
| 320 | @a有书目 (第157-162页) | |
| 330 | @a本书为当代西方政治理论专著的翻译图书,介绍了民主这一概念的理论内涵及历史沿革和未来走向。 | |
| 410 | 0 | @12001 @a西方社会科学基本知识读本 |
| 500 | 10 | @aDemocracy@mChinese |
| 606 | 0 | @a民主@Amin zhu@x研究 |
| 690 | @aD082@v4 | |
| 701 | 1 | @a阿伯拉斯特@Aa bo la si te@g(Arblaster, Anthony)@4著 |
| 702 | 0 | @a孙荣飞@Asun rong fei@4译 |
| 702 | 0 | @a段保良@Aduan bao liang@4译 |
| 702 | 0 | @a文雅@Awen ya@4译 |
| 801 | 0 | @aCN@bQSSK@c20080509 |
| 905 | @b708669@dD082@eA023@f1 | |
| 民主= Democracy/(英) 安东尼·阿伯拉斯特著/孙荣飞, 段保良, 文雅译.-长春:吉林人民出版社,2005.05 |
| 163页;21cm.-(西方社会科学基本知识读本) |
| ISBN 7-206-04687-8:CNY14.00 |
| 本书为当代西方政治理论专著的翻译图书,介绍了民主这一概念的理论内涵及历史沿革和未来走向。 |
| ● |
| 相关链接 |
|
|
|
正题名:民主
索取号:D082/A023
 
预约/预借
| 序号 | 登录号 | 条形码 | 馆藏地/架位号 | 状态 | 备注 |
| 1 | 708669 | 207086696 | 社科库509/509社科库 68排2列3层/ [索取号:D082/A023] | 在馆 |